[Event "18. Obert Int. Sant Marti 2016"]
[Site "Barcelona ESP"]
[Date "2016.07.13"]
[Round "1.69"]
[White "Chernyak, Viktoria"]
[Black "Tateo, Ida"]
[Result "1-0"]
[WhiteElo "2186"]
[BlackElo "1275"]
[PlyCount "53"]
[EventDate "2016.07.13"]
[EventType "swiss"]
[EventRounds "9"]
[EventCountry "ESP"]
[SourceTitle "Ajedrez en Madrid"]
[Source "lmi"]
[SourceDate "2016.07.13"]
[SourceVersion "1"]
[SourceVersionDate "2019.06.21"]
[SourceQuality "1"]

1. Nf3 Nf6 2. c4 g6 3. Nc3 Bg7 4. e4 d6 5. d4 O-O 6. Be2 e5 7. Be3 Nc6 8. d5
Ne7 9. Nd2 Nd7 10. f3 f5 11. b4 f4 12. Bf2 g5 13. c5 Nf6 14. Nc4 Ng6 15. Qb3
Rf7 16. cxd6 cxd6 17. Nb5 Bf8 18. Bxa7 Rxa7 19. Nxa7 Bd7 20. b5 g4 21. b6 gxf3
22. gxf3 Nh5 23. O-O-O Qe8 24. Rd2 Rg7 25. Na5 Qb8 26. Rc2 Be8 27. Rc8 1-0

[Event "18. Obert Int. Sant Marti 2016"]
[Site "Barcelona ESP"]
[Date "2016.07.14"]
[Round "2.1"]
[White "Ibanez Aullana, Ramon"]
[Black "Bachmann, Axel"]
[Result "0-1"]
[WhiteElo "2258"]
[BlackElo "2649"]
[PlyCount "82"]
[EventDate "2016.07.13"]
[EventType "swiss"]
[EventRounds "9"]
[EventCountry "ESP"]
[SourceTitle "Ajedrez en Madrid"]
[Source "lmi"]
[SourceDate "2016.07.13"]
[SourceVersion "1"]
[SourceVersionDate "2019.06.21"]
[SourceQuality "1"]

1. d4 Nf6 2. c4 e6 3. Nc3 Bb4 4. e3 c5 5. Bd3 Nc6 6. Nge2 d5 7. a3 Bxc3+ 8.
bxc3 dxc4 9. Bxc4 O-O 10. O-O Qc7 11. Bd3 e5 12. Qc2 Be6 13. f4 c4 14. Bf5 exd4
15. cxd4 Bxf5 16. Qxf5 Rac8 17. Qc2 Rfd8 18. Rb1 b6 19. Rf3 Qe7 20. Ng3 Re8 21.
Rb5 Ne4 22. Nf5 Qd7 23. Re5 Nf6 24. g4 Nxe5 25. fxe5 Qc6 26. Nh6+ gxh6 27. Rxf6
Re6 28. Qf5 Rxf6 29. exf6 Qe6 30. Qf4 Re8 31. h3 Qe4 32. Qxh6 Qg6 33. Qf4 Kh8
34. Bd2 Qb1+ 35. Qf1 Qxf1+ 36. Kxf1 h6 37. Kf2 Re6 38. d5 Re5 39. d6 Rd5 40.
Bb4 a5 41. e4 Rd3 0-1

[Event "18. Obert Int. Sant Marti 2016"]
[Site "Barcelona ESP"]
[Date "2016.07.14"]
[Round "2.2"]
[White "Peralta, Fernando"]
[Black "Garcia Trobat, Francisco"]
[Result "1-0"]
[WhiteElo "2588"]
[BlackElo "2269"]
[PlyCount "85"]
[EventDate "2016.07.13"]
[EventType "swiss"]
[EventRounds "9"]
[EventCountry "ESP"]
[SourceTitle "Ajedrez en Madrid"]
[Source "lmi"]
[SourceDate "2016.07.13"]
[SourceVersion "1"]
[SourceVersionDate "2019.06.21"]
[SourceQuality "1"]

1. d4 Nf6 2. c4 g6 3. Nc3 Bg7 4. e4 d6 5. Nf3 O-O 6. h3 Na6 7. Be3 e5 8. d5 Nh5
9. g3 f5 10. exf5 gxf5 11. Ng5 Nxg3 12. fxg3 f4 13. Qh5 h6 14. Nge4 fxe3 15.
O-O-O Bf5 16. Qe2 Bxe4 17. Nxe4 Nc5 18. Nxc5 dxc5 19. Qxe3 e4 20. Rh2 Qf6 21.
Qxe4 Rae8 22. Qg4 Re3 23. Bd3 Qa6 24. Kb1 Qa4 25. Rc2 Qe8 26. a3 Rff3 27. Bg6
Qf8 28. Rg1 Qd6 29. Be4 Rf6 30. Re2 Qe5 31. Rgg2 Rf1+ 32. Ka2 Qd4 33. Qc8+ Rf8
34. Qe6+ Kh8 35. Rxe3 Qxe3 36. Qg6 Kg8 37. Qe6+ Kh8 38. Qg6 Kg8 39. Qh7+ Kf7
40. Bg6+ Kf6 41. Bh5 Qe5 42. Qg6+ Ke7 43. Re2 1-0

[Event "18. Obert Int. Sant Marti 2016"]
[Site "Barcelona ESP"]
[Date "2016.07.14"]
[Round "2.3"]
[White "Ortiz Suarez, Isan Reynaldo"]
[Black "Herrera Reyes, Jose Antonio"]
[Result "0-1"]
[WhiteElo "2580"]
[BlackElo "2253"]
[PlyCount "72"]
[EventDate "2016.07.13"]
[EventType "swiss"]
[EventRounds "9"]
[EventCountry "ESP"]
[SourceTitle "Ajedrez en Madrid"]
[Source "lmi"]
[SourceDate "2016.07.13"]
[SourceVersion "1"]
[SourceVersionDate "2019.06.21"]
[SourceQuality "1"]

1. Nf3 c5 2. c4 Nf6 3. Nc3 e6 4. e3 Be7 5. d4 O-O 6. dxc5 Na6 7. Qc2 Nb4 8. Qb1
a5 9. a3 Na6 10. b4 b6 11. Na4 axb4 12. Nxb6 Rb8 13. axb4 Nxc5 14. Nxc8 Qxc8
15. Ba3 d5 16. Nd4 Nce4 17. Bd3 e5 18. Ne2 Nxf2 19. Kxf2 e4 20. cxd5 Qf5+ 21.
Nf4 g5 22. g4 Nxg4+ 23. Ke2 Nxe3 24. Bxe4 Qxf4 25. Qd3 Bc5 26. Bxh7+ Kh8 27.
Qe4 Nxd5 28. Qxf4 Nxf4+ 29. Kf3 Kxh7 30. bxc5 Rb3+ 31. Ke4 Ra8 32. Bb2 Re8+ 33.
Kf5 Rxb2 34. h4 Ng6 35. hxg5+ Kg7 36. Rhe1 Rb4 0-1

[Event "18. Obert Int. Sant Marti 2016"]
[Site "Barcelona ESP"]
[Date "2016.07.14"]
[Round "2.5"]
[White "Lan, Zilun"]
[Black "Gomez Garrido, Camilo Ernesto"]
[Result "0-1"]
[WhiteElo "2250"]
[BlackElo "2541"]
[PlyCount "128"]
[EventDate "2016.07.13"]
[EventType "swiss"]
[EventRounds "9"]
[EventCountry "ESP"]
[SourceTitle "Ajedrez en Madrid"]
[Source "lmi"]
[SourceDate "2016.07.13"]
[SourceVersion "1"]
[SourceVersionDate "2019.06.21"]
[SourceQuality "1"]

1. d4 d5 2. c4 c6 3. Nf3 Nf6 4. cxd5 cxd5 5. Nc3 Nc6 6. Bf4 a6 7. e3 Bg4 8. Be2
e6 9. O-O Be7 10. Ne5 Bxe2 11. Qxe2 Rc8 12. Rac1 O-O 13. h3 Nxe5 14. Bxe5 Nd7
15. Bf4 Qa5 16. Rfd1 Nb6 17. e4 Bb4 18. Qg4 Rfe8 19. Be5 g6 20. exd5 Nxd5 21.
Nxd5 Qxd5 22. Qg5 Bd6 23. b3 Rcd8 24. Qf6 Bxe5 25. Qxe5 Re7 26. Kf1 Red7 27.
Qxd5 Rxd5 28. Rc7 R8d7 29. Rxd7 Rxd7 30. Ke2 Kf8 31. Ke3 Rc7 32. Rd2 Rc3+ 33.
Ke4 Rc8 34. Ke3 Ke7 35. Kd3 Kd6 36. Rc2 Rxc2 37. Kxc2 Kd5 38. Kd3 g5 39. a4 b6
40. Ke3 h5 41. g3 e5 42. dxe5 Kxe5 43. f4+ gxf4+ 44. gxf4+ Kd5 45. Kd3 h4 46.
Ke3 Kc5 47. Kf3 Kb4 48. Kg4 Kxb3 49. Kxh4 Kxa4 50. Kg4 b5 51. h4 b4 52. h5 b3
53. h6 b2 54. h7 b1=Q 55. h8=Q Qg6+ 56. Kf3 Qc6+ 57. Kg3 Kb3 58. Qb8+ Kc2 59.
f5 a5 60. Kg4 a4 61. Qh2+ Kb3 62. Qg3+ Qc3 63. Qf2 a3 64. Qa7 a2 0-1

[Event "18. Obert Int. Sant Marti 2016"]
[Site "Barcelona ESP"]
[Date "2016.07.14"]
[Round "2.6"]
[White "Shyam, Sundar M."]
[Black "Qiu, Mengjie"]
[Result "1-0"]
[WhiteElo "2526"]
[BlackElo "2231"]
[PlyCount "111"]
[EventDate "2016.07.13"]
[EventType "swiss"]
[EventRounds "9"]
[EventCountry "ESP"]
[SourceTitle "Ajedrez en Madrid"]
[Source "lmi"]
[SourceDate "2016.07.13"]
[SourceVersion "1"]
[SourceVersionDate "2019.06.21"]
[SourceQuality "1"]

1. e4 e5 2. Nf3 Nc6 3. Bb5 a6 4. Ba4 Nf6 5. O-O Be7 6. d3 b5 7. Bb3 d6 8. a3
O-O 9. Nc3 Bg4 10. Be3 Nd4 11. Bxd4 exd4 12. Nd5 c5 13. h3 Be6 14. Nxf6+ Bxf6
15. Bxe6 fxe6 16. a4 Qd7 17. axb5 axb5 18. Qe2 Be7 19. Nh2 Ra7 20. Rxa7 Qxa7
21. Qg4 Rf6 22. e5 dxe5 23. Qe4 Bf8 24. Ng4 Rf5 25. Nxe5 Qa2 26. Re1 Qxb2 27.
g4 Rf6 28. Nd7 Rf7 29. Nxf8 Rxf8 30. Qxe6+ Kh8 31. Qd5 g6 32. g5 Kg7 33. Qxc5
Qc3 34. Qe5+ Kg8 35. Re2 Qa1+ 36. Kg2 Qa8+ 37. Re4 Rf5 38. Qe6+ Kg7 39. Qe7+
Kg8 40. h4 Qc6 41. Qe8+ Qxe8 42. Rxe8+ Kf7 43. Rd8 Rc5 44. Rxd4 Rxc2 45. Rd7+
Kg8 46. Kf3 b4 47. Rb7 Rb2 48. Rb8+ Kf7 49. Rb7+ Kg8 50. d4 b3 51. Rb8+ Kf7 52.
Rb7+ Kg8 53. d5 Rb1 54. Ke2 b2 55. d6 Kf8 56. Rb8+ 1-0

[Event "18. Obert Int. Sant Marti 2016"]
[Site "Barcelona ESP"]
[Date "2016.07.14"]
[Round "2.7"]
[White "Karthikeyan, Murali"]
[Black "Patil, Pratik"]
[Result "1-0"]
[WhiteElo "2513"]
[BlackElo "2219"]
[PlyCount "63"]
[EventDate "2016.07.13"]
[EventType "swiss"]
[EventRounds "9"]
[EventCountry "ESP"]
[SourceTitle "Ajedrez en Madrid"]
[Source "lmi"]
[SourceDate "2016.07.13"]
[SourceVersion "1"]
[SourceVersionDate "2019.06.21"]
[SourceQuality "1"]

1. Nf3 Nf6 2. g3 g6 3. Bg2 Bg7 4. O-O O-O 5. d4 d5 6. c4 dxc4 7. Na3 c3 8. bxc3
c5 9. Re1 Qa5 10. Bb2 cxd4 11. cxd4 Nc6 12. e4 Rd8 13. Nc4 Qa6 14. Qb3 Bd7 15.
Bf1 Na5 16. Nxa5 Qxa5 17. Ne5 Be8 18. a4 Rac8 19. Qxb7 Rb8 20. Qxe7 Rdc8 21.
Bb5 Rc7 22. Qd6 Qb6 23. Qxb6 Rxb6 24. Rac1 Rxc1 25. Rxc1 Bxb5 26. axb5 h5 27.
f3 Rxb5 28. Rc8+ Kh7 29. Bc3 Rb1+ 30. Kg2 Rc1 31. Nxf7 Nd7 32. Ng5+ 1-0

[Event "18. Obert Int. Sant Marti 2016"]
[Site "Barcelona ESP"]
[Date "2016.07.14"]
[Round "2.8"]
[White "Coll Ortega, Jordi"]
[Black "Narciso Dublan, Marc"]
[Result "0-1"]
[WhiteElo "2243"]
[BlackElo "2504"]
[PlyCount "90"]
[EventDate "2016.07.13"]
[EventType "swiss"]
[EventRounds "9"]
[EventCountry "ESP"]
[SourceTitle "Ajedrez en Madrid"]
[Source "lmi"]
[SourceDate "2016.07.13"]
[SourceVersion "1"]
[SourceVersionDate "2019.06.21"]
[SourceQuality "1"]

1. e4 g6 2. d4 Bg7 3. Nc3 d6 4. f4 a6 5. Nf3 b5 6. Bd3 Nd7 7. a4 b4 8. Ne2 a5
9. e5 e6 10. c4 Bb7 11. O-O Ne7 12. Ng3 O-O 13. Be3 Qb8 14. exd6 cxd6 15. Qe2
Nf6 16. Rad1 Nf5 17. Nxf5 exf5 18. d5 Re8 19. Qd2 Ng4 20. Bf2 b3 21. Rfe1 Nxf2
22. Qxf2 Ba6 23. Rxe8+ Qxe8 24. Qe1 Bxb2 25. Qxe8+ Rxe8 26. c5 Bxd3 27. Rxd3
Ba3 28. Rxb3 Bxc5+ 29. Kf1 Re4 30. g3 Rxa4 31. Rb8+ Kg7 32. Rb7 h6 33. Rc7 Ra1+
34. Ke2 Ra2+ 35. Kd1 Bb4 36. Kc1 Ra3 37. Nd4 Rc3+ 38. Rxc3 Bxc3 39. Nb5 Bb4 40.
Kc2 Kf6 41. Kd3 a4 42. Kc4 Bc5 43. Nc3 a3 44. Kd3 Bg1 45. h3 Bh2 0-1

[Event "18. Obert Int. Sant Marti 2016"]
[Site "Barcelona ESP"]
[Date "2016.07.14"]
[Round "2.9"]
[White "Asis Gargatagli, Hipolito"]
[Black "Glimbrant, Torbjorn"]
[Result "1/2-1/2"]
[WhiteElo "2504"]
[BlackElo "2203"]
[PlyCount "61"]
[EventDate "2016.07.13"]
[EventType "swiss"]
[EventRounds "9"]
[EventCountry "ESP"]
[SourceTitle "Ajedrez en Madrid"]
[Source "lmi"]
[SourceDate "2016.07.13"]
[SourceVersion "1"]
[SourceVersionDate "2019.06.21"]
[SourceQuality "1"]

1. e4 e6 2. d4 d5 3. Nc3 Nf6 4. Bg5 dxe4 5. Nxe4 Nbd7 6. Nf3 h6 7. Nxf6+ Nxf6
8. Bh4 c5 9. Bd3 cxd4 10. Nxd4 Bc5 11. Nf3 Qb6 12. Qc1 e5 13. O-O e4 14. Re1
O-O 15. Bxe4 Nxe4 16. Rxe4 Bf5 17. Re1 Rae8 18. c3 Rxe1+ 19. Nxe1 Re8 20. b4
Bd6 21. Nf3 Be4 22. Qd2 Bxf3 23. gxf3 Re6 24. Bg3 Qc6 25. Qd3 Bxg3 26. hxg3 Rd6
27. Qe3 Re6 28. Qd3 Rd6 29. Qe3 Re6 30. Qxa7 Qxc3 31. Rf1 1/2-1/2

[Event "18. Obert Int. Sant Marti 2016"]
[Site "Barcelona ESP"]
[Date "2016.07.14"]
[Round "2.10"]
[White "Bannink, Bernard"]
[Black "Arizmendi Martinez, Julen Luis"]
[Result "1/2-1/2"]
[WhiteElo "2232"]
[BlackElo "2501"]
[PlyCount "81"]
[EventDate "2016.07.13"]
[EventType "swiss"]
[EventRounds "9"]
[EventCountry "ESP"]
[SourceTitle "Ajedrez en Madrid"]
[Source "lmi"]
[SourceDate "2016.07.13"]
[SourceVersion "1"]
[SourceVersionDate "2019.06.21"]
[SourceQuality "1"]

1. d4 d5 2. Nf3 Nf6 3. e3 e6 4. Bd3 c5 5. b3 Nc6 6. Bb2 Bd6 7. Nbd2 O-O 8. O-O
b6 9. Ne5 Bb7 10. f4 Rc8 11. a3 Ne7 12. Kh1 Ne4 13. Bxe4 dxe4 14. Ndc4 Bxe5 15.
dxe5 Ba6 16. Qe2 Nf5 17. g4 Bxc4 18. bxc4 Nh4 19. Rad1 Qe7 20. f5 Qg5 21. Rf4
Rcd8 22. Rdf1 Nf3 23. Bc3 h5 24. Qg2 exf5 25. gxf5 Qxg2+ 26. Kxg2 Nd2 27. Bxd2
Rxd2+ 28. Kg3 Rxc2 29. Rxe4 Rd2 30. h3 Rd3 31. a4 g6 32. a5 bxa5 33. fxg6 a4
34. e6 fxg6 35. e7 Re8 36. Rf6 Kg7 37. Ra6 Rd7 38. Ree6 Rexe7 39. Rxg6+ Kh7 40.
Rh6+ Kg7 41. Rxh5 1/2-1/2

[Event "18. Obert Int. Sant Marti 2016"]
[Site "Barcelona ESP"]
[Date "2016.07.14"]
[Round "2.11"]
[White "Oliva Castaneda, Kevel"]
[Black "Sanchez Jerez, Emilio Miguel"]
[Result "1-0"]
[WhiteElo "2493"]
[BlackElo "2201"]
[PlyCount "91"]
[EventDate "2016.07.13"]
[EventType "swiss"]
[EventRounds "9"]
[EventCountry "ESP"]
[SourceTitle "Ajedrez en Madrid"]
[Source "lmi"]
[SourceDate "2016.07.13"]
[SourceVersion "1"]
[SourceVersionDate "2019.06.21"]
[SourceQuality "1"]

1. d4 Nf6 2. c4 g6 3. Nc3 Bg7 4. e4 O-O 5. Be3 c6 6. f3 d5 7. cxd5 cxd5 8. e5
Ne8 9. f4 Nc6 10. Qb3 Nc7 11. Nf3 Bf5 12. Be2 Qd7 13. O-O Na5 14. Qd1 Nc4 15.
Bc1 b5 16. b3 Nb6 17. Ba3 a5 18. Bc5 b4 19. Bxb6 bxc3 20. Rc1 c2 21. Qd2 Ne6
22. Ng5 Nxg5 23. fxg5 f6 24. exf6 exf6 25. Bc5 fxg5 26. Bxf8 Rxf8 27. Bd3 Qa7
28. Bxf5 Qxd4+ 29. Qxd4 Bxd4+ 30. Kh1 gxf5 31. Rxc2 Be3 32. g3 Kg7 33. Kg2 g4
34. Rc7+ Kf6 35. Rd1 d4 36. Rc5 Ke6 37. Rf1 d3 38. Rc3 Rd8 39. Rd1 f4 40. gxf4
Bxf4 41. Rdxd3 Re8 42. Rc4 Bb8 43. Re3+ Be5 44. Rc5 Kf5 45. Rxa5 Kf4 46. Raxe5
1-0

[Event "18. Obert Int. Sant Marti 2016"]
[Site "Barcelona ESP"]
[Date "2016.07.14"]
[Round "2.12"]
[White "Larsson, Anders"]
[Black "Henriquez Villagra, Cristobal"]
[Result "0-1"]
[WhiteElo "2226"]
[BlackElo "2491"]
[PlyCount "98"]
[EventDate "2016.07.13"]
[EventType "swiss"]
[EventRounds "9"]
[EventCountry "ESP"]
[SourceTitle "Ajedrez en Madrid"]
[Source "lmi"]
[SourceDate "2016.07.13"]
[SourceVersion "1"]
[SourceVersionDate "2019.06.21"]
[SourceQuality "1"]

1. d4 Nf6 2. Nf3 g6 3. g3 Bg7 4. Bg2 O-O 5. O-O d6 6. a4 a5 7. Re1 Nbd7 8. e4
e5 9. dxe5 dxe5 10. Nc3 c6 11. h3 Qe7 12. b3 Nc5 13. Ba3 b6 14. Qe2 Bh6 15.
Red1 Re8 16. Ne1 Ba6 17. Qf3 Qe6 18. Bxc5 bxc5 19. Nd3 Bf8 20. Nb2 c4 21. Nxc4
Bxc4 22. bxc4 Reb8 23. Rdb1 Kg7 24. Bf1 Bb4 25. Nd1 h5 26. c3 Bc5 27. Ne3 h4
28. g4 Nh7 29. Rxb8 Rxb8 30. Qe2 Ng5 31. Bg2 Qf6 32. Rd1 Rb3 33. Qc2 Bxe3 34.
fxe3 Rb7 35. Kh1 Qe7 36. Qd2 Ne6 37. Qd6 Qxd6 38. Rxd6 Rc7 39. Rd2 Nc5 40. Kg1
Ra7 41. Bf3 Nxa4 42. Ra2 Nc5 43. Kf1 a4 44. Ra3 Rb7 45. Bd1 Nxe4 46. Ke2 Nc5
47. e4 Nxe4 48. Ke3 Nc5 49. Ra2 Ra7 0-1

[Event "18. Obert Int. Sant Marti 2016"]
[Site "Barcelona ESP"]
[Date "2016.07.14"]
[Round "2.13"]
[White "Cuartas, Jaime Alexander"]
[Black "Yogit, S."]
[Result "1-0"]
[WhiteElo "2455"]
[BlackElo "2197"]
[PlyCount "73"]
[EventDate "2016.07.13"]
[EventType "swiss"]
[EventRounds "9"]
[EventCountry "ESP"]
[SourceTitle "Ajedrez en Madrid"]
[Source "lmi"]
[SourceDate "2016.07.13"]
[SourceVersion "1"]
[SourceVersionDate "2019.06.21"]
[SourceQuality "1"]

1. e4 e5 2. Nf3 Nc6 3. Bb5 a6 4. Ba4 Nf6 5. O-O Be7 6. Bxc6 dxc6 7. d3 Nd7 8.
Be3 O-O 9. Nbd2 b6 10. Nc4 Bf6 11. b4 Qe7 12. Qd2 c5 13. a3 Re8 14. Qc3 Bb7 15.
Rfb1 cxb4 16. axb4 Nf8 17. Qe1 Ng6 18. Bc1 Nh4 19. Nxh4 Bxh4 20. Bb2 f6 21. Ne3
g6 22. Bc1 Qd7 23. Qe2 Kh8 24. Nc4 Rf8 25. g3 Bg5 26. Bxg5 fxg5 27. Nxe5 Qd4
28. Ng4 Rae8 29. Qe3 Qc3 30. Ra3 Qg7 31. Qxg5 h5 32. Ne3 Re5 33. Qh4 Qf7 34. g4
Kg8 35. Qg3 hxg4 36. Nxg4 Rg5 37. Nh6+ 1-0

[Event "18. Obert Int. Sant Marti 2016"]
[Site "Barcelona ESP"]
[Date "2016.07.14"]
[Round "2.14"]
[White "Martorell Aguado, Joan"]
[Black "Debashis, Das"]
[Result "0-1"]
[WhiteElo "2219"]
[BlackElo "2451"]
[PlyCount "58"]
[EventDate "2016.07.13"]
[EventType "swiss"]
[EventRounds "9"]
[EventCountry "ESP"]
[SourceTitle "Ajedrez en Madrid"]
[Source "lmi"]
[SourceDate "2016.07.13"]
[SourceVersion "1"]
[SourceVersionDate "2019.06.21"]
[SourceQuality "1"]

1. Nf3 Nf6 2. c4 e6 3. e3 b6 4. b3 Bb7 5. Bb2 Be7 6. d4 c5 7. Nc3 cxd4 8. exd4
O-O 9. Be2 d5 10. O-O Nbd7 11. Ne5 dxc4 12. Bxc4 Rc8 13. Qe2 Bb4 14. Rac1 Qe7
15. f4 Nd5 16. Ne4 N7f6 17. f5 Nxe4 18. Qxe4 Bd2 19. fxe6 fxe6 20. Rxf8+ Rxf8
21. Rf1 Nf4 22. Nc6 Qd6 23. d5 exd5 24. Qd4 Qc5 25. Qxc5 bxc5 26. Ne7+ Kh8 27.
Bb5 a6 28. g3 axb5 29. Rxf4 Rf7 0-1

[Event "18. Obert Int. Sant Marti 2016"]
[Site "Barcelona ESP"]
[Date "2016.07.14"]
[Round "2.15"]
[White "Carrasco Rodriguez, Jesus"]
[Black "Li, Di"]
[Result "0-1"]
[WhiteElo "2202"]
[BlackElo "2426"]
[PlyCount "98"]
[EventDate "2016.07.13"]
[EventType "swiss"]
[EventRounds "9"]
[EventCountry "ESP"]
[SourceTitle "Ajedrez en Madrid"]
[Source "lmi"]
[SourceDate "2016.07.13"]
[SourceVersion "1"]
[SourceVersionDate "2019.06.21"]
[SourceQuality "1"]

1. e4 e5 2. Nf3 Nc6 3. Bb5 Nf6 4. d3 Bc5 5. O-O d6 6. c3 O-O 7. Bg5 h6 8. Bh4
g5 9. Bg3 g4 10. Bh4 Kg7 11. d4 Bb6 12. Nfd2 Ne7 13. Be2 Ng6 14. dxe5 Nxh4 15.
exf6+ Qxf6 16. g3 h5 17. Nc4 Nf3+ 18. Bxf3 gxf3 19. Nxb6 axb6 20. Qd4 Qxd4 21.
cxd4 f5 22. Nc3 fxe4 23. Nxe4 Re8 24. Ng5 Re2 25. Rfe1 Rxa2 26. Nxf3 Rxa1 27.
Rxa1 Rxb2 28. Ng5 Bf5 29. Ra7 Kf6 30. h4 Rb1+ 31. Kg2 Bd7 32. d5 Ke5 33. Rxb7
Rc1 34. Rb8 Kxd5 35. Rh8 b5 36. Rxh5 Bg4 37. Rh8 b4 38. Rb8 c5 39. f3 Rc2+ 40.
Kg1 Bf5 41. g4 Bd3 42. h5 Ke5 43. Nh3 c4 44. Rxb4 c3 45. Rb8 Rb2 46. Rc8 c2 47.
Nf2 Rb1+ 48. Kh2 Bh7 49. g5 Bf5 0-1

[Event "18. Obert Int. Sant Marti 2016"]
[Site "Barcelona ESP"]
[Date "2016.07.14"]
[Round "2.16"]
[White "Cruz, Filemon"]
[Black "Chernyak, Viktoria"]
[Result "1/2-1/2"]
[WhiteElo "2407"]
[BlackElo "2186"]
[PlyCount "27"]
[EventDate "2016.07.13"]
[EventType "swiss"]
[EventRounds "9"]
[EventCountry "ESP"]
[SourceTitle "Ajedrez en Madrid"]
[Source "lmi"]
[SourceDate "2016.07.13"]
[SourceVersion "1"]
[SourceVersionDate "2019.06.21"]
[SourceQuality "1"]

1. d4 Nf6 2. Nf3 e6 3. g3 b6 4. Bg2 Bb7 5. O-O Be7 6. c4 O-O 7. b3 d5 8. Ne5
Nbd7 9. Nc3 c5 10. e3 cxd4 11. exd4 Qc8 12. Bb2 dxc4 13. Nxc4 Bxg2 14. Kxg2
1/2-1/2

[Event "18. Obert Int. Sant Marti 2016"]
[Site "Barcelona ESP"]
[Date "2016.07.14"]
[Round "2.17"]
[White "Himanshu, Sharma"]
[Black "Gavrish, Leonid"]
[Result "1-0"]
[WhiteElo "2389"]
[BlackElo "2158"]
[PlyCount "65"]
[EventDate "2016.07.13"]
[EventType "swiss"]
[EventRounds "9"]
[EventCountry "ESP"]
[SourceTitle "Ajedrez en Madrid"]
[Source "lmi"]
[SourceDate "2016.07.13"]
[SourceVersion "1"]
[SourceVersionDate "2019.06.21"]
[SourceQuality "1"]

1. e4 d6 2. g3 d5 3. Nc3 dxe4 4. Nxe4 e5 5. Bg2 f5 6. Nc3 Nf6 7. Nge2 Bc5 8.
Na4 Be7 9. d4 e4 10. c4 b5 11. cxb5 a6 12. Nac3 axb5 13. Nxb5 Ba6 14. Nbc3 Nc6
15. O-O O-O 16. a3 Bd3 17. Be3 Na5 18. Re1 Ng4 19. b4 Nc4 20. Qb3 Kh8 21. Nf4
Ncxe3 22. fxe3 Bg5 23. h3 Bxf4 24. gxf4 Nxe3 25. Rxe3 Qxd4 26. Rae1 g5 27. Nd5
c6 28. Nc7 Rf6 29. fxg5 f4 30. gxf6 fxe3 31. Nxa8 e2+ 32. Kh1 Qxf6 33. Nc7 1-0

[Event "18. Obert Int. Sant Marti 2016"]
[Site "Barcelona ESP"]
[Date "2016.07.14"]
[Round "2.18"]
[White "Yashas, D.."]
[Black "Meneses Gonzalez, Kevin Moises"]
[Result "1/2-1/2"]
[WhiteElo "2201"]
[BlackElo "2379"]
[PlyCount "87"]
[EventDate "2016.07.13"]
[EventType "swiss"]
[EventRounds "9"]
[EventCountry "ESP"]
[SourceTitle "Ajedrez en Madrid"]
[Source "lmi"]
[SourceDate "2016.07.13"]
[SourceVersion "1"]
[SourceVersionDate "2019.06.21"]
[SourceQuality "1"]

1. Nf3 Nf6 2. g3 g6 3. Bg2 Bg7 4. O-O O-O 5. d3 d6 6. e4 c5 7. Nc3 Nc6 8. h3
Rb8 9. a4 a6 10. Be3 b5 11. axb5 axb5 12. e5 dxe5 13. Bxc5 b4 14. Ne4 Qc7 15.
Nxf6+ Bxf6 16. Nd2 e4 17. Nxe4 Bxb2 18. Rb1 Bg7 19. Qd2 Rd8 20. Bxb4 Nxb4 21.
Rxb4 Rxb4 22. Qxb4 Qxc2 23. Qxe7 Qxd3 24. Nf6+ Bxf6 25. Qxf6 Qd4 26. Qxd4 Rxd4
27. h4 Kg7 28. Bf3 h6 29. Rd1 Rb4 30. Rc1 Be6 31. Bg2 g5 32. hxg5 hxg5 33. f3
Kf6 34. Rc2 Ke7 35. g4 Kd6 36. Kf2 Rb3 37. Kg3 Ke7 38. Re2 Kd6 39. Re1 f6 40.
Re2 Bd5 41. Re8 Be6 42. Ra8 Ke5 43. Ra5+ Bd5 44. Ra6 1/2-1/2

[Event "18. Obert Int. Sant Marti 2016"]
[Site "Barcelona ESP"]
[Date "2016.07.14"]
[Round "2.19"]
[White "Rathanvel, V S."]
[Black "Jimenez Ruano, Adrian"]
[Result "1-0"]
[WhiteElo "2374"]
[BlackElo "2089"]
[PlyCount "57"]
[EventDate "2016.07.13"]
[EventType "swiss"]
[EventRounds "9"]
[EventCountry "ESP"]
[SourceTitle "Ajedrez en Madrid"]
[Source "lmi"]
[SourceDate "2016.07.13"]
[SourceVersion "1"]
[SourceVersionDate "2019.06.21"]
[SourceQuality "1"]

1. e4 c5 2. Nf3 d6 3. d4 cxd4 4. Nxd4 Nf6 5. Nc3 a6 6. Qf3 g6 7. h3 Bg7 8. Be3
O-O 9. O-O-O Qc7 10. g4 e5 11. Nb3 Be6 12. g5 Nh5 13. Nd5 Bxd5 14. Rxd5 Nc6 15.
Kb1 Ne7 16. Rd3 Rac8 17. Qd1 Rfd8 18. h4 f5 19. gxf6 Nxf6 20. Bh3 Ra8 21. f3
Kh8 22. Be6 a5 23. Rh2 a4 24. Nc1 b5 25. Rhd2 Ra6 26. a3 Ne8 27. Na2 Nc6 28.
Bd5 Raa8 29. Rc3 1-0

[Event "18. Obert Int. Sant Marti 2016"]
[Site "Barcelona ESP"]
[Date "2016.07.14"]
[Round "2.20"]
[White "Salagran Ferragut, Guillem"]
[Black "Perpinya Rofes, Lluis Maria"]
[Result "0-1"]
[WhiteElo "2196"]
[BlackElo "2373"]
[PlyCount "122"]
[EventDate "2016.07.13"]
[EventType "swiss"]
[EventRounds "9"]
[EventCountry "ESP"]
[SourceTitle "Ajedrez en Madrid"]
[Source "lmi"]
[SourceDate "2016.07.13"]
[SourceVersion "1"]
[SourceVersionDate "2019.06.21"]
[SourceQuality "1"]

1. e4 c5 2. Nf3 Nc6 3. d4 cxd4 4. Nxd4 Nf6 5. Nc3 d6 6. Bg5 e6 7. Qd2 Qb6 8.
O-O-O a6 9. f4 Nxd4 10. Qxd4 Qxd4 11. Rxd4 Be7 12. Be2 Bd7 13. Bf3 Bc6 14. Kb1
h6 15. Bh4 e5 16. Bxf6 exd4 17. Bxg7 Rg8 18. Bxd4 O-O-O 19. f5 Bg5 20. Bh5 Rd7
21. Rd1 Re8 22. f6 Bxe4 23. g3 Bc6 24. h4 Be3 25. Re1 Bxd4 26. Rxe8+ Rd8 27.
Bg4+ Kc7 28. Re7+ Kb6 29. Rxf7 Rg8 30. Rg7 Rf8 31. Rg6 Rxf6 32. Rxf6 Bxf6 33.
Be2 Kc5 34. Nd1 Be5 35. g4 Bf6 36. h5 Kd4 37. c3+ Ke4 38. Kc2 Bd7 39. c4 Kf4
40. Nc3 Bxc3 41. Kxc3 Bxg4 42. Bf1 Bxh5 43. Kd4 Bf3 44. b4 h5 45. a4 h4 46. Bh3
Kg3 47. Ke3 Bg2 48. Bc8 h3 49. Bxh3 Kxh3 50. Kd4 Kg4 51. c5 Kf5 52. cxd6 Ke6
53. Kc5 Kd7 54. b5 axb5 55. Kxb5 Bf1+ 56. Kc5 Ba6 57. a5 Ke6 58. d7 Kxd7 59.
Kd5 Kc7 60. Kc5 Be2 61. Kd5 Kb8 0-1